| 000 | 00560nam a22001937a 4500 | ||
|---|---|---|---|
| 999 |
_c172571 _d172571 |
||
| 005 | 20200207115916.0 | ||
| 010 | _aA-333793 | ||
| 020 | _c80.00 | ||
| 035 | _aA-333793 | ||
| 037 | _bBPPD/Pub. | ||
| 082 | _a910 | ||
| 100 | _aقورسیہ قریشی | ||
| 245 |
_aاردو سفرنامے : _bانسویں صدی میں / _cقورسیہ قریشی |
||
| 246 |
_aUrdu Safarname: Unneesvin Sadi Mein / _bby Qudsia Qureshi |
||
| 260 |
_a- _b- _c1987 ء |
||
| 270 |
_a- _b- _e- |
||
| 300 |
_a368p. _c21cm(Hb) |
||
| 942 |
_2ddc _cUR _h910 _mق ر ے |
||